000 00340 a2200157 4500
001 57106
020 _a8508097611
040 _cAnchieta - Pituba
100 _aLe Jeune, Véronique
240 1 0 _aEu não sou assim!
_lpor
245 1 0 _aEu não sou assim!
300 _a99
362 0 _a2005
650 4 _aLiteratura juvenil
942 _cBK
999 _c57106
_d57106